000 01193pam a2200289 a 4500
001 waytostives00gern
003 CaSfIA
005 20210119110743.0
007 cr||||
008 820119s1982 nyu 000 1 eng
035 _9(DLC) 82000636
856 4 1 _uhttp://www.archive.org/details/waytostives00gern
_zFree eBook from the Internet Archive
856 4 2 _uhttp://www.openlibrary.org/books/OL3481304M
_zAdditional information and access via Open Library
010 _a 82000636
020 _a0684174928 :
_c$13.95
040 _aDLC
_cDLC
_dDLC
_dCaSfIA
050 0 0 _aPS3557.E685
_bW3 1982
082 0 0 _a813/.54
_219
100 1 _aGernes, Sonia.
245 1 4 _aThe way to St. Ives /
_h[electronic resource]
_cSonia Gernes.
260 _aNew York :
_bScribner,
_cc1982.
300 _a266 p. ;
_c22 cm.
740 0 _aWay to Saint Ives.
942 _cEB
506 _fНеобхідна авторизація на https://archive.org/ (створення облікового запису безкоштовно)
506 _fНеобхідна авторизація на https://openlibrary.org/ (створення облікового запису безкоштовно)
999 _c563728
_d563728